| 000 | 00346nam a22001457a 4500 | ||
|---|---|---|---|
| 003 | OSt | ||
| 005 | 20231202071805.0 | ||
| 008 | 231202b |||||||| |||| 00| 0 eng d | ||
| 040 | _cIIMT UNIVERSITY | ||
| 100 | _aPADOHAR, HANUMANPRASAD | ||
| 245 | _aKALYAN SHIVPURAN | ||
| 260 |
_aGORAKHPUR _bGEETA PRESS _c1965 |
||
| 300 | _a702 | ||
| 942 |
_2ddc _c09 |
||
| 999 |
_c57747 _d57747 |
||